| 000 | 00786nam a22001815i 4500 | ||
|---|---|---|---|
| 001 | 54407 | ||
| 003 | ES-MaACL | ||
| 007 | t| | ||
| 008 | 960721s1899 sp ||||1| spa d | ||
| 040 |
_aCAM _bspa _cCAM |
||
| 100 | 1 |
_aForns, Rafael María. _951796 |
|
| 245 | 1 | 0 |
_aCasuística clínica que demuestra la independencia de las cámaras tubárica y ático-mastoidea del oído medio / _cpor el Dr. Forns. |
| 260 |
_aMadrid : _b[s.n.], _c1899 ( _fEstabl. tipog. de los sucesores de Cuesta) |
||
| 300 |
_a7 p. ; _c24 cm. |
||
| 500 | _aPrecede al título: Segundo Congreso Español de Oto-rino-laringología celebrado en Barcelona del 19 al 22 de setiembre de 1899. | ||
| 711 | 2 |
_aCongreso Español de Otorrinolaringología ( _n2º. _d1899. _cBarcelona) _9357 |
|
| 852 |
_aES-MaACL _jT-929-F-10 |
||
| 999 |
_c54407 _d54407 |
||